| 000 | 00594nam a2200205Ia 4500 | ||
|---|---|---|---|
| 005 | 20250923145445.0 | ||
| 008 | 008 250917s9999 xx 000 0 eng d | ||
| 037 | _aTextual | ||
| 040 |
_aDSWL _beng _cDSWL |
||
| 041 |
_aeng _2eng |
||
| 084 |
_aZ(Q7),1826-9593, N78 _qDSWL |
||
| 100 |
_aRashid, S.Khalid _9835516 |
||
| 245 | 0 |
_aWakf Administration in India _c by S.Khalid Rashid |
|
| 260 |
_aNew Delhi _b Vikas Pub. _c1978 |
||
| 300 | _axx,184 p. | ||
| 365 |
_aINR _b40.5 |
||
| 925 | _g40.5 | ||
| 942 |
_cTEXL _hZ(Q7),1826-9593, N78 |
||
| 999 |
_c1451572 _d1451572 |
||